| 000 | 00765nam a2200205Ia 4500 | ||
|---|---|---|---|
| 005 | 20260121110122.0 | ||
| 008 | 008 260114s9999 xx 000 0 hin d | ||
| 020 | _a9788132300137 | ||
| 037 | _aEBOOK | ||
| 040 |
_aCRL _bhin _cCRL |
||
| 041 |
_ahin _2hin |
||
| 084 | _qCRL | ||
| 100 |
_aसंतोष मिश्रा / Santosh Mishra _9942269 |
||
| 245 | 0 | _aआधुनिक भारत का संवैधानिक इतिहास (1773 ई- से 1935 ई- तक) / Aadhunik Bharat ka Samvidhanik Itihas (1773 E- se 1935 E- tak) | |
| 260 |
_bभाषा प्रकाशन / Bhasha Prakashan _c2020 |
||
| 856 | _uhttps://bhashaprakashan.com/product-details/377679 | ||
| 942 | _cEBOOK | ||
| 999 |
_c1533934 _d1533934 |
||